000
00295nam a2200121Ia 4500
008
190216s9999||||xx |||||||||||||| ||und||
100
_a
Vimalaramarao
245
0
_a
Current Prose For Better Learning
260
_b
Orient Longman
_c
1989
300
_a
120p
650
_a
English Prose
942
_c
BK
999
_c
13184
_d
13184